000 01195nam0a22002771 4500
001 rc\2324612
005 20110829144552.5
035 _a(NLR Aleph) 006580456
090 _a7040069
_c7040069
100 _a20110829d1977 |||y0rusy50 ca
101 0 _arus
102 _aRU
105 _aa z |||||
200 1 _aМетоды построения АСУ на базе ЭВМ III поколения
_e[Сборник статей]
_fПод общ. ред. к. э. н. Р.С. Седегова
210 _aМинск
_cБ. и.
_d1977
215 _a134, 6 с., 2 л. ил.
_cил.
_d21
225 1 _aМ-во приборостроения, средств автоматизации и систем упр. Центр. н.-и. и проект.-технол. ин-т орг. и техники упр. ЦНИИТУ. Сборник научных трудов
_vВып. 4 (30)
320 _aБиблиогр. в конце статей
702 1 _aСедегов
_bР. С.
_gРоберт Сергеевич
_4340
801 0 _aRU
_bNLR
_gpsbo
801 1 _aRU
_bELAR
_2rusmarc
852 _aNLR
_jП10/3714
899 _aRuMoRGB
_jБ 70-38/66
899 _aRuMoRGB
_jБ 70-38/68
942 _cBOOK
980 _aNB